000 00723cam a22002291a 4500
001 sa 66001907
003 DLC
005 20260227112225.0
008 890103s1962 io a 000 1 ind
010 _asa 66001907
025 _aPL480:Indo-2225
035 _a(OCoLC)18958769
040 _aDLC
_cOAU
_dWU
_dDLC
042 _apremarc
050 0 0 _aPL5089.M27
_bL5
100 1 _aMadjolelo, Junus Sutan.
245 1 0 _aLima tjerita /
_c[oleh] Junus St. Madjolelo.
260 _aBukittinggi :
_bN.V. Nusantara,
_c1962.
300 _a52 p. :
_bill. ;
_c18 cm.
505 0 _aTuanku Keramat. -- Dua orang penipu. -- Dua saudara. -- Si Rahmat jang beruntung. -- Bertolong-tolongan.
650 0 _aChildren's stories, Indonesian.
999 _c68059
_d68059